Kashmir dispute : (Record no. 522606)

000 -LEADER
fixed length control field 01233cam a2200337 a 4500
001 - CONTROL NUMBER
control field 195629
003 - CONTROL NUMBER IDENTIFIER
control field NUST
005 - DATE AND TIME OF LATEST TRANSACTION
control field 20181210051521.0
008 - FIXED-LENGTH DATA ELEMENTS--GENERAL INFORMATION
fixed length control field 990225s1998 pk b 001 0 eng
010 ## - LIBRARY OF CONGRESS CONTROL NUMBER
LC control number 98930693
020 ## - INTERNATIONAL STANDARD BOOK NUMBER
International Standard Book Number 969832903X
025 ## - OVERSEAS ACQUISITION NUMBER
Overseas acquisition number P-E-98930693; 08
035 ## - SYSTEM CONTROL NUMBER
System control number (DLC) 98930693
038 ## - RECORD CONTENT LICENSOR
Staff Name waseem
040 ## - CATALOGING SOURCE
Original cataloging agency DLC
Transcribing agency DLC
Modifying agency DLC
042 ## - AUTHENTICATION CODE
Authentication code lcode
043 ## - GEOGRAPHIC AREA CODE
Geographic area code a-ii---
050 00 - LIBRARY OF CONGRESS CALL NUMBER
Classification number KZ4430
Item number .H87 1998
082 ## - DEWEY DECIMAL CLASSIFICATION NUMBER
Classification number 341.4206546
Author Mark HUS
100 1# - MAIN ENTRY--PERSONAL NAME
Personal name Hussain, Ijaz.
9 (RLIN) 12657
245 10 - TITLE STATEMENT
Title Kashmir dispute :
Remainder of title an international law perspective /
Statement of responsibility, etc. Ijaz Hussain.
260 ## - PUBLICATION, DISTRIBUTION, ETC.
Place of publication, distribution, etc. Islamabad :
Name of publisher, distributor, etc. Quaid-i Azam Chair, National Institute of Pakistan Studies, Quaid-i- Azam University, Islamabad,
Date of publication, distribution, etc. c1998.
300 ## - PHYSICAL DESCRIPTION
Extent xiii, 309 p. ;
Dimensions 23 cm.
504 ## - BIBLIOGRAPHY, ETC. NOTE
Bibliography, etc. note Includes bibliographical references (p. [281]-293) and index.
651 #0 - SUBJECT ADDED ENTRY--GEOGRAPHIC NAME
Geographic name Jammu and Kashmir (India)
General subdivision International status.
9 (RLIN) 12658
651 #0 - SUBJECT ADDED ENTRY--GEOGRAPHIC NAME
Geographic name Jammu and Kashmir (India)
General subdivision Politics and government.
9 (RLIN) 1759
710 2# - ADDED ENTRY--CORPORATE NAME
Corporate name or jurisdiction name as entry element National Institute of Pakistan Studies.
Subordinate unit Quaid-i-Azam Chair.
9 (RLIN) 12659
906 ## - LOCAL DATA ELEMENT F, LDF (RLIN)
a 7
b cbc
c origode
d 3
e ncip
f 19
g y-gencatlg
942 ## - ADDED ENTRY ELEMENTS (KOHA)
Source of classification or shelving scheme
Koha item type Book
Holdings
Withdrawn status Lost status Source of classification or shelving scheme Damaged status Not for loan Permanent Location Current Location Shelving location Date acquired Source of acquisition Full call number Barcode Date last seen Price effective from Koha item type
          NUST Law School (NLS) NUST Law School (NLS) Book Cart 12/10/2018 Donation 341.4206546 HUS CL-D-97 12/10/2018 12/10/2018 Book
© 2023 Central Library, National University of Sciences and Technology. All Rights Reserved.